مكتبة جامعة عجلون الوطنية

فهرس بحث المكتبة

Normal view MARC view
  • المشاريع الصغيرة- المصارف الاسلامية-الاردن

Entry Topical Term

Number of records used in: 1

001 - CONTROL NUMBER

  • control field: 59333

003 - CONTROL NUMBER IDENTIFIER

  • control field: JO-AjAnu

005 - DATE AND TIME OF LATEST TRANSACTION

  • control field: 20230606083713.0

008 - FIXED-LENGTH DATA ELEMENTS

  • fixed length control field: 230606|| aca||aabn | a|a d

040 ## - CATALOGING SOURCE

  • Original cataloging agency: JO-AjAnu
  • Transcribing agency: JO-AjAnu

150 ## - HEADING--TOPICAL TERM

  • Topical term or geographic name entry element: المشاريع الصغيرة- المصارف الاسلامية-الاردن

670 ## - SOURCE DATA FOUND

  • Source citation: Work cat.: (JO-AjAnu)30262: اعداد فريحات، رحاب عيسى؛ اشراف محي الين يعقوب ابو الهول, author 59332, دور المرابحة للآمر بالشراء في تنمية المشاريع الصغيرة في المصارف الاسلامية الاردنية2014-2018 = The Role of Al-Murabah To Purchase Order in the Development of Small Enterprises in Jordanian Islamic Banks 2014-2018